[Event "ch-Frankfurt A"]
[Site "Frankfurt"]
[Date "2023.05.15"]
[Round "3"]
[White "Ackermann, Robert"]
[Black "Gutacker, Stephan"]
[Result "1-0"]
[WhiteElo "1687"]
[BlackElo "1886"]
[PlyCount "109"]
[EventDate "2023.04.24"]
[EventType "swiss"]
[EventCountry "GER"]

1. d4 Nf6 2. Nf3 d5 3. g3 e6 4. Bg2 Bd6 5. O-O O-O 6. Nbd2 b6 7. b3 Bb7 8. c4 Nbd7 9. Bb2 c5 10. e3 Rc8 11. cxd5 exd5 12. Ne5 Re8 13. Ndf3 Ne4 14. Nxd7 Qxd7 15. Ne5 Qc7 16. Rc1 f6 17. Nf3 Qd7 18. Nd2 Ng5 19. h4 Nf7 20. Kh2 Qe7 21. Re1 f5 22. Bh3 g6 23. Nb1 Qxh4 24. Kg2 Qe4+ 25. Kg1 Qe6 26. Bg2 Ng5 27. Nc3 Ne4 28. Nb5 Bf8 29. dxc5 bxc5 30. Re2 a6 31. Nc3 Bg7 32. Rec2 Red8 33. Ne2 Bxb2 34. Rxb2 Qd6 35. Rbc2 Qb6 36. f3 Nf6 37. Qd2 Re8 38. Rc3 Re7 39. Qc2 Rce8 40. Rxc5 Rxe3 41. Nd4 Qb4 42. Nc6 Re1+ 43. Rxe1 Qxe1+ 44. Kh2 Re2 45. Qc1 Qf2 46. Qg1 Qxg1+ 47. Kxg1 Rxa2 48. Nd8 Ba8 49. Rc8 d4 50. Rxa8 d3 51. Nc6+ Kg7 52. Rd8 d2 53. Kh2 Ne8 54. Ne5 Nc7 55. Nc4 1-0

[Event "ch-Frankfurt A"]
[Site "Frankfurt"]
[Date "2023.05.15"]
[Round "3"]
[White "Adair, Robin"]
[Black "Staeger, Tim"]
[Result "0-1"]
[WhiteElo "2022"]
[BlackElo "1615"]
[PlyCount "74"]
[EventDate "2023.04.24"]
[EventType "swiss"]
[EventCountry "GER"]

1. c4 e6 2. Nc3 d5 3. d4 Nf6 4. g3 Bb4 5. Bg2 O-O 6. Nf3 Nbd7 7. O-O c5 8. cxd5 exd5 9. Bg5 Bxc3 10. bxc3 h6 11. Bf4 Ne4 12. Rc1 Re8 13. c4 dxc4 14. Rxc4 b5 15. Rc1 c4 16. Qc2 Ndf6 17. a4 a6 18. Ne5 Bf5 19. Qb2 c3 20. Qb3 Be6 21. Qa3 Qxd4 22. Ra1 Rac8 23. axb5 axb5 24. Nd3 Bc4 25. Be3 Qd7 26. Nf4 Qe7 27. Qc1 b4 28. Bd4 Nd2 29. Ra7 Qd6 30. Bxf6 Qxf6 31. Re1 b3 32. Nd5 Bxd5 33. Bxd5 Re7 34. Rxe7 Qxe7 35. e4 Nf3+ 36. Kg2 Nxe1+ 37. Qxe1 c2 0-1

[Event "ch-Frankfurt A"]
[Site "Frankfurt"]
[Date "2023.05.15"]
[Round "3"]
[White "Belin, Anton"]
[Black "Rohatgi, Kushagra"]
[Result "1/2-1/2"]
[WhiteElo "1662"]
[BlackElo "1664"]
[PlyCount "57"]
[EventDate "2023.04.24"]
[EventType "swiss"]
[EventCountry "GER"]

1. e4 e5 2. Nf3 Nc6 3. Bc4 Nf6 4. d3 Bc5 5. Nc3 h6 6. Be3 Bb6 7. Qd2 d6 8. O-O-O Be6 9. Nd5 Bxe3 10. fxe3 Qd7 11. Rhf1 O-O-O 12. h3 Nh5 13. g4 Nf6 14. Nh4 Bxd5 15. exd5 Ne7 16. e4 Rdf8 17. Nf5 Nxf5 18. Rxf5 Nh7 19. Rdf1 f6 20. d4 Ng5 21. dxe5 dxe5 22. h4 Nxe4 23. Qe3 Nd6 24. Qxa7 Kd8 25. Bb3 Nxf5 26. gxf5 b6 27. Rd1 Qd6 28. Ba4 Ke7 29. Bc6 1/2-1/2

[Event "ch-Frankfurt A"]
[Site "Frankfurt"]
[Date "2023.05.15"]
[Round "3"]
[White "Biegel, Thomas"]
[Black "Erdmann, Stefan"]
[Result "1/2-1/2"]
[WhiteElo "1965"]
[BlackElo "2127"]
[PlyCount "68"]
[EventDate "2023.04.24"]
[EventType "swiss"]
[EventCountry "GER"]

1. d4 d5 2. Nf3 Nf6 3. c4 c6 4. Qc2 dxc4 5. Qxc4 Bg4 6. Nbd2 e6 7. Qb3 Qc7 8. g3 Nbd7 9. Bg2 a5 10. O-O Be7 11. a3 O-O 12. Re1 a4 13. Qc2 Rfd8 14. Nc4 Nd5 15. Nfe5 Nxe5 16. Nxe5 Bh5 17. e4 Nf6 18. Be3 Ne8 19. Nd3 f6 20. Rac1 Bf7 21. e5 Bg6 22. exf6 Bxf6 23. Qc4 Bf5 24. Ne5 Nd6 25. Qb4 Ra5 26. Nxc6 bxc6 27. Rxc6 Qb8 28. Qxa5 Qxb2 29. Qb4 Qxb4 30. axb4 Nb5 31. Ra6 a3 32. Ra5 Nxd4 33. Bxd4 Rxd4 34. Rxa3 Rxb4 1/2-1/2

[Event "ch-Frankfurt A"]
[Site "Frankfurt"]
[Date "2023.05.15"]
[Round "3"]
[White "Bittner, Peter"]
[Black "Waffenschmidt, Joachim"]
[Result "0-1"]
[WhiteElo "1852"]
[BlackElo "1997"]
[PlyCount "106"]
[EventDate "2023.04.24"]
[EventType "swiss"]
[EventCountry "GER"]

1. d4 d5 2. Bf4 c5 3. c3 Nc6 4. Nf3 Nf6 5. e3 Qb6 6. Qb3 c4 7. Qxb6 axb6 8. Na3 Ra5 9. Bc7 e5 10. dxe5 Bxa3 11. bxa3 Ne4 12. Nd2 Nxd2 13. Kxd2 Rxa3 14. Bxb6 Nxe5 15. Be2 Bf5 16. f4 Nd7 17. Bd4 O-O 18. Kc1 Rfa8 19. Kb2 R3a5 20. Bf3 Rb5+ 21. Kc1 Nc5 22. Bxc5 Rxc5 23. Rd1 Bd3 24. Rd2 Re8 25. Rb2 Rxe3 26. Rxb7 g6 27. Kd2 Re8 28. a4 Be4 29. a5 d4 30. Bxe4 Rxe4 31. cxd4 Rxd4+ 32. Kc3 Rd3+ 33. Kb4 Rc8 34. a6 Rb3+ 35. Ka4 Ra8 36. Rxb3 Rxa6+ 37. Kb4 Rxa1 38. Kxc4 Ra4+ 39. Rb4 Ra2 40. g3 Rxh2 41. Rb3 Rd2 42. Re3 h5 43. Kc3 Rd6 44. Kc4 Kg7 45. Kc5 Rd1 46. Kc4 Kf6 47. Kc3 Kf5 48. Kc2 Rd5 49. Kc3 h4 50. gxh4 Kxf4 51. Re7 Rf5 52. Kd3 Kg4 53. Ke3 Kxh4 0-1

[Event "ch-Frankfurt A"]
[Site "Frankfurt"]
[Date "2023.05.15"]
[Round "3"]
[White "Burkart, Lloyd Shang"]
[Black "Kaliski, Erwin"]
[Result "0-1"]
[WhiteElo "1890"]
[BlackElo "2203"]
[PlyCount "150"]
[EventDate "2023.04.24"]
[EventType "swiss"]
[EventCountry "GER"]

1. d4 d6 2. Nf3 Nd7 3. c4 e5 4. Nc3 Ngf6 5. e3 Be7 6. Be2 O-O 7. O-O exd4 8. Nxd4 Nc5 9. Bf3 a5 10. b3 Re8 11. Bb2 Nfd7 12. a3 Ne5 13. Be2 Bd7 14. b4 Na6 15. Qb3 Nc6 16. Nc2 Bf5 17. e4 Bg6 18. Nd5 Bxe4 19. Qc3 Bf6 20. Nxf6+ Qxf6 21. Qxf6 gxf6 22. b5 Bxc2 23. Bf3 Be4 24. bxc6 Bxf3 25. gxf3 bxc6 26. Bxf6 Re6 27. Bc3 Nc5 28. Rfe1 a4 29. Rxe6 fxe6 30. Rb1 Kf7 31. Rb4 e5 32. Bd2 Kf6 33. Be3 Ne6 34. Kf1 c5 35. Rb7 Ke7 36. Ke2 Kd7 37. Kd3 Kc8 38. Rb1 Rb8 39. Rxb8+ Kxb8 40. Ke4 Kc8 41. f4 exf4 42. Bxf4 Kd7 43. Be3 c6 44. f4 Ke7 45. f5 Ng7 46. Bg5+ Kf7 47. h4 Ne8 48. Be3 Nf6+ 49. Kf4 Nd7 50. Kg5 Ne5 51. Bc1 Nxc4 52. Kh6 Kg8 53. f6 Ne5 54. Kg5 Kf7 55. Kh6 Kxf6 56. Kxh7 Kf7 57. Kh6 d5 58. Kg5 d4 59. Kf5 Nd3 60. Bg5 Nf2 61. Ke5 Kg6 62. Be7 d3 63. Bg5 Kh5 64. Bd2 Kxh4 65. Kf4 Kh3 66. Ke3 Kg2 67. Be1 Kf1 68. Bxf2 d2 69. Kxd2 Kxf2 70. Kd3 Ke1 71. Kc4 Kd2 72. Kxc5 Kc3 73. Kxc6 Kb3 74. Kb5 Kxa3 75. Kc4 Kb2 0-1

[Event "ch-Frankfurt A"]
[Site "Frankfurt"]
[Date "2023.05.15"]
[Round "3"]
[White "Calvi, Stefan"]
[Black "Mayer, Frank"]
[Result "1-0"]
[WhiteElo "1947"]
[BlackElo "2111"]
[PlyCount "61"]
[EventDate "2023.04.24"]
[EventType "swiss"]
[EventCountry "GER"]

1. e4 e6 2. d3 d5 3. Qe2 Be7 4. Nf3 Nc6 5. c3 e5 6. Qc2 Nf6 7. Be2 O-O 8. O-O a5 9. a4 h6 10. Nbd2 Be6 11. Re1 Nh7 12. Nf1 f5 13. exd5 Bxd5 14. Ne3 Be6 15. Nc4 Bxc4 16. dxc4 e4 17. Nd4 Nxd4 18. cxd4 Qxd4 19. Be3 Qe5 20. f4 Qe6 21. c5 Kh8 22. Bc4 Qg6 23. Rad1 Rad8 24. Qb3 Nf6 25. Kh1 Ng4 26. Bg1 Qh5 27. h3 Qh4 28. Rxd8 Rxd8 29. Rd1 Nf6 30. Rxd8+ Bxd8 31. Qxb7 1-0

[Event "ch-Frankfurt A"]
[Site "Frankfurt"]
[Date "2023.05.15"]
[Round "3"]
[White "Diehl, Felix"]
[Black "Sasikumar Anitha, Sarvesh"]
[Result "1-0"]
[WhiteElo "1780"]
[BlackElo "1424"]
[PlyCount "71"]
[EventDate "2023.04.24"]
[EventType "swiss"]
[EventCountry "GER"]

1. e4 e6 2. d4 d5 3. Nc3 Nf6 4. e5 Nfd7 5. f4 c5 6. Nf3 Nc6 7. Be3 Qb6 8. Na4 Qa5+ 9. c3 b6 10. Bd3 c4 11. Bc2 b5 12. Nc5 Nxc5 13. dxc5 b4 14. O-O bxc3 15. bxc3 Bxc5 16. Re1 Bd7 17. f5 Rb8 18. fxe6 Bxe6 19. Bd4 O-O 20. Ng5 h6 21. Nxe6 fxe6 22. Qg4 Bxd4+ 23. cxd4 Rbc8 24. Qg6 Rf7 25. Qh7+ Kf8 26. Bg6 Nd8 27. Bxf7 Nxf7 28. Rf1 Qb6 29. Qh8+ Ke7 30. Qxg7 Qxd4+ 31. Kh1 Rf8 32. Rab1 Qxe5 33. Rxf7+ Rxf7 34. Qxe5 Kd8 35. Qd6+ Rd7 36. Rb8# 1-0

[Event "ch-Frankfurt A"]
[Site "Frankfurt"]
[Date "2023.05.15"]
[Round "3"]
[White "Froehlich Dill, Astrid"]
[Black "Engel, Manfred"]
[Result "0-1"]
[WhiteElo "1768"]
[BlackElo "2234"]
[PlyCount "88"]
[EventDate "2023.04.24"]
[EventType "swiss"]
[EventCountry "GER"]

1. d4 Nf6 2. Nf3 g6 3. c4 c5 4. d5 b5 5. cxb5 a6 6. bxa6 Bxa6 7. Nc3 d6 8. g3 Bg7 9. Bg2 O-O 10. O-O Nbd7 11. Re1 Qb6 12. Qc2 Rfb8 13. Nd2 c4 14. Rb1 Ng4 15. Nde4 Bd4 16. e3 Bxc3 17. Qxc3 Nge5 18. f4 Nd3 19. Rd1 N7c5 20. Nxc5 Qxc5 21. Be4 Bb7 22. Bxd3 Qxd5 23. e4 Qc5+ 24. Kf1 cxd3 25. Qxc5 dxc5 26. Be3 Bxe4 27. Rd2 c4 28. Rc1 Rxa2 29. Rxc4 f5 30. Bd4 Ra1+ 31. Kf2 Rh1 32. Be5 Ra8 33. Ke3 Raa1 34. Bc3 Rae1+ 35. Kd4 Re2 36. b4 Rhxh2 37. Rd1 Rc2 38. Rxd3 Bxd3 39. Kxd3 Rc1 40. Rc8+ Kf7 41. b5 Rb1 42. Kc4 Rg2 43. Rc6 Rxg3 44. b6 Rxc3+ 0-1

[Event "ch-Frankfurt A"]
[Site "Frankfurt"]
[Date "2023.05.15"]
[Round "3"]
[White "Ghaznavi, Massoud"]
[Black "Diehl, Stefan"]
[Result "0-1"]
[WhiteElo "1563"]
[BlackElo "1784"]
[PlyCount "80"]
[EventDate "2023.04.24"]
[EventType "swiss"]
[EventCountry "GER"]

1. e4 c6 2. d4 d5 3. e5 Bf5 4. Nf3 e6 5. Nbd2 c5 6. c4 Nc6 7. Nb3 Bg4 8. Be2 Bxf3 9. Bxf3 cxd4 10. cxd5 exd5 11. O-O Be7 12. Nxd4 Bc5 13. Nxc6 bxc6 14. Qc2 Qb6 15. a3 Ne7 16. b4 Bd4 17. Rb1 Bxe5 18. Be3 Qc7 19. g3 O-O 20. b5 Rac8 21. b6 axb6 22. Bxb6 Qd7 23. Bc5 Bd6 24. Rfe1 Ng6 25. h3 Bxc5 26. Bg4 f5 27. Bh5 Bxa3 28. Bxg6 hxg6 29. Rb3 Bd6 30. f4 Rfe8 31. Reb1 Qe7 32. Qd3 Qe2 33. Qc3 Qe7 34. Rb7 Qe3+ 35. Qxe3 Rxe3 36. Kg2 Rce8 37. Rd7 Re2+ 38. Kf1 Bc5 39. Rbb7 Rf2+ 40. Kg1 Re1# 0-1

[Event "ch-Frankfurt A"]
[Site "Frankfurt"]
[Date "2023.05.15"]
[Round "3"]
[White "Grinberg, Igor"]
[Black "Zeyen, Helmut"]
[Result "1/2-1/2"]
[WhiteElo "1428"]
[BlackElo "1799"]
[PlyCount "134"]
[EventDate "2023.04.24"]
[EventType "swiss"]
[EventCountry "GER"]

1. d4 d5 2. Nf3 Nc6 3. Bf4 Nf6 4. e3 a6 5. c4 Bg4 6. Nc3 e6 7. Be2 Bb4 8. O-O Nh5 9. Bg5 Nf6 10. cxd5 exd5 11. Bxf6 gxf6 12. Qb3 Bxc3 13. bxc3 Na5 14. Qa4+ c6 15. Qd1 Rg8 16. Kh1 b5 17. Nd2 f5 18. Bxg4 Rxg4 19. f3 Rg6 20. f4 Qf6 21. a4 Nb7 22. Nf3 Qd6 23. Ne5 Rh6 24. Nd3 f6 25. Rf3 Qf8 26. Rg3 Kf7 27. Qb3 Na5 28. Qc2 Nc4 29. Nb4 Qc8 30. axb5 axb5 31. Rxa8 Qxa8 32. Qa2 Qxa2 33. Nxa2 Rg6 34. Rf3 Ke6 35. Kg1 Kd6 36. Kf2 Nd2 37. Rh3 h6 38. Rh5 Ne4+ 39. Kf3 Ke6 40. g3 c5 41. Ke2 Rxg3 42. hxg3 Nxg3+ 43. Kf2 Nxh5 44. dxc5 Ng7 45. Nb4 Ne8 46. Kg3 Nc7 47. Kh4 Kf7 48. Kh5 Kg7 49. c6 Kf7 50. Kxh6 Ke6 51. Kg7 Ne8+ 52. Kf8 Nd6 53. Kg7 Nc8 54. Kf8 Nd6 55. Kg7 Nc8 56. Kf8 Nd6 57. Kg7 Ne4 58. c7 Nd6 59. Nc6 Ne8+ 60. Kg6 Nxc7 61. Nd4+ Kd7 62. Nxf5 Ke6 63. Nd4+ Ke7 64. Nf5+ Ke6 65. Nd4+ Ke7 66. Nf5+ Ke6 67. Nd4+ Ke7 1/2-1/2

[Event "ch-Frankfurt A"]
[Site "Frankfurt"]
[Date "2023.05.15"]
[Round "3"]
[White "Hochmuth, Christian"]
[Black "Neukirchner, Pascal"]
[Result "0-1"]
[WhiteElo "2002"]
[BlackElo "2300"]
[PlyCount "104"]
[EventDate "2023.04.24"]
[EventType "swiss"]
[EventCountry "GER"]

1. d4 Nf6 2. c4 g6 3. Nc3 Bg7 4. e4 d6 5. Nf3 Bg4 6. Be2 O-O 7. O-O Nc6 8. Be3 Nd7 9. Ne1 Bxe2 10. Nxe2 Na5 11. Qc2 c5 12. b3 Rc8 13. Rd1 cxd4 14. Bxd4 Bxd4 15. Nxd4 Nc6 16. Nef3 Qa5 17. Qd2 Qxd2 18. Rxd2 a6 19. Nxc6 bxc6 20. e5 Nxe5 21. Nxe5 dxe5 22. Rd7 e6 23. Rfd1 a5 24. R1d6 a4 25. bxa4 c5 26. a5 Ra8 27. a6 Rfb8 28. Rb7 Kg7 29. Rdd7 Rxb7 30. axb7 Rxa2 31. Kf1 Rb2 32. Ke1 e4 33. Kd1 Kf6 34. Kc1 Rb4 35. Kd2 e5 36. Kc3 Ke6 37. Rc7 h5 38. h4 f6 39. Rxc5 Rxb7 40. Rc8 Rb1 41. Rd8 Rc1+ 42. Kb3 Kf5 43. Rd2 e3 44. fxe3 Ke4 45. Rc2 Rb1+ 46. Rb2 Rd1 47. Rc2 Kxe3 48. c5 Rd8 49. c6 Rc8 50. c7 e4 51. Kb4 Kd3 52. Rc6 e3 0-1

[Event "ch-Frankfurt A"]
[Site "Frankfurt"]
[Date "2023.05.15"]
[Round "3"]
[White "John, Volkmar"]
[Black "Tepedibi, Tayfun"]
[Result "1-0"]
[WhiteElo "1632"]
[BlackElo "1185"]
[PlyCount "117"]
[EventDate "2023.04.24"]
[EventType "swiss"]
[EventCountry "GER"]

1. c4 c6 2. g3 d5 3. Bg2 Nf6 4. Nf3 Bg4 5. Qb3 Bxf3 6. Bxf3 Qb6 7. Nc3 Qxb3 8. axb3 d4 9. Nb5 Kd7 10. Nxd4 e5 11. Nc2 Na6 12. d3 Nc5 13. b4 Nb3 14. Rb1 Nxc1 15. Rxc1 g6 16. e3 Bg7 17. Ke2 a5 18. bxa5 Rxa5 19. Ra1 Rha8 20. Rxa5 Rxa5 21. Ra1 Rxa1 22. Nxa1 b5 23. Nc2 Ne8 24. b3 f5 25. cxb5 cxb5 26. Kd2 Nd6 27. Bd5 e4 28. Bg8 exd3 29. Kxd3 h5 30. h4 Ne4 31. Ke2 Nc3+ 32. Kf3 Bf6 33. Bh7 Ne4 34. Ke2 Nc3+ 35. Kd3 Ne4 36. Bxg6 Nxf2+ 37. Ke2 Nh1 38. Bxf5+ Kd6 39. Kf3 Be5 40. g4 hxg4+ 41. Bxg4 Ng3 42. Nd4 Kc5 43. b4+ Kc4 44. Be6+ Kd3 45. Nxb5 Nf1 46. h5 Nxe3 47. h6 Nc4 48. h7 Nd2+ 49. Kg4 Ne4 50. Kf5 Ba1 51. Kg6 Ke3 52. Nc7 Kd3 53. Bf5 Ke3 54. Bxe4 Kxe4 55. Ne6 Bh8 56. b5 Kd5 57. Kf7 Kd6 58. b6 Kc6 59. Kg8 1-0

[Event "ch-Frankfurt A"]
[Site "Frankfurt"]
[Date "2023.05.15"]
[Round "3"]
[White "Kabakci, Cem"]
[Black "Bonnaire, Ulrich"]
[Result "0-1"]
[WhiteElo "1649"]
[BlackElo "2135"]
[PlyCount "42"]
[EventDate "2023.04.24"]
[EventType "swiss"]
[EventCountry "GER"]

1. Nf3 d5 2. e4 dxe4 3. Ng5 Bf5 4. Qe2 Nc6 5. Qc4 e6 6. Nxe4 Nd4 7. Qa4+ c6 8. Bd3 a5 9. c3 Nf3+ 10. Ke2 Ne5 11. Qc2 Qh4 12. f3 Rd8 13. g3 Qe7 14. g4 Bg6 15. h4 Nxd3 16. h5 Bxe4 17. fxe4 Qg5 18. Rg1 Bc5 19. Rg3 Qf4 20. Rg2 Qxe4+ 21. Kf1 Qe1# 0-1

[Event "ch-Frankfurt A"]
[Site "Frankfurt"]
[Date "2023.05.15"]
[Round "3"]
[White "Lauterbach, Ingrid"]
[Black "Held, Bernhard"]
[Result "0-1"]
[WhiteElo "2004"]
[BlackElo "1856"]
[PlyCount "108"]
[EventDate "2023.04.24"]
[EventType "swiss"]
[EventCountry "GER"]

1. Nf3 Nf6 2. g3 d5 3. Bg2 Nc6 4. d3 e5 5. O-O Be7 6. Nbd2 O-O 7. e4 dxe4 8. dxe4 Bg4 9. h3 Be6 10. Re1 Qd7 11. Ng5 Rfd8 12. Nxe6 Qxe6 13. c3 Rd7 14. Qe2 Rad8 15. Nf1 Bc5 16. Qb5 Bb6 17. Be3 Na5 18. b3 Nc6 19. Bxb6 cxb6 20. Ne3 Rd3 21. Rac1 Rd2 22. Rc2 Rxc2 23. Nxc2 Rd2 24. Rc1 Qd6 25. Qf1 h6 26. a4 Na5 27. Ne3 Qd3 28. Qxd3 Rxd3 29. b4 Nb3 30. Rc2 Nd2 31. Ng4 Nxg4 32. hxg4 Nb1 33. c4 Rd1+ 34. Kh2 Na3 35. Rc3 Nb1 36. Rc2 Rd4 37. c5 Rxb4 38. cxb6 axb6 39. Rc8+ Kh7 40. Rc7 Rxa4 41. Rxb7 Nc3 42. Rxf7 Nxe4 43. Bf1 Ng5 44. f4 Nxf7 45. fxe5 Nxe5 46. Be2 Ra2 47. g5 Rxe2+ 48. Kh3 hxg5 49. g4 Re3+ 50. Kg2 Rf3 51. Kg1 b5 52. Kh2 b4 53. Kg2 b3 54. Kh2 b2 0-1

[Event "ch-Frankfurt A"]
[Site "Frankfurt"]
[Date "2023.05.15"]
[Round "3"]
[White "Martin, Reiner"]
[Black "Leitzig, Reamonn Franky James"]
[Result "1-0"]
[WhiteElo "1981"]
[BlackElo "1468"]
[PlyCount "65"]
[EventDate "2023.04.24"]
[EventType "swiss"]
[EventCountry "GER"]

1. d4 Nf6 2. c4 e6 3. Nc3 Bb4 4. f3 d5 5. a3 Bxc3+ 6. bxc3 c5 7. cxd5 Nxd5 8. dxc5 Qa5 9. e4 Ne7 10. Be3 O-O 11. Qb3 Qc7 12. Bb5 Nec6 13. Ne2 e5 14. O-O Be6 15. Qc2 Na5 16. Kh1 Nb3 17. Rab1 Nxc5 18. Ng3 a6 19. Qf2 Rc8 20. Be2 b5 21. f4 exf4 22. Bxf4 Qa5 23. Be3 Nbd7 24. Bd4 Nb3 25. Rxb3 Bxb3 26. Nf5 f6 27. Nxg7 Qxa3 28. Qg3 Bf7 29. h4 Kh8 30. Nh5 Bxh5 31. Rxf6 Qc1+ 32. Rf1+ Ne5 33. Bxe5# 1-0

[Event "ch-Frankfurt A"]
[Site "Frankfurt"]
[Date "2023.05.15"]
[Round "3"]
[White "Nehmert, Ulrich"]
[Black "Bischoff, Ulrich"]
[Result "1/2-1/2"]
[WhiteElo "2218"]
[BlackElo "1964"]
[PlyCount "38"]
[EventDate "2023.04.24"]
[EventType "swiss"]
[EventCountry "GER"]

1. d4 d5 2. Nf3 Nf6 3. g3 e6 4. Bg2 Be7 5. O-O O-O 6. c4 dxc4 7. Qc2 a6 8. a4 Bd7 9. Qxc4 Bc6 10. Bf4 Bd6 11. Bg5 Nbd7 12. Nc3 h6 13. Bxf6 Nxf6 14. Rfd1 Qe7 15. Rab1 Bb4 16. Ne5 Bxg2 17. Kxg2 c6 18. Nd3 a5 19. e3 Rfd8 1/2-1/2

[Event "ch-Frankfurt A"]
[Site "Frankfurt"]
[Date "2023.05.15"]
[Round "3"]
[White "Nickel, Jonas"]
[Black "Rauscher, Joachim"]
[Result "1-0"]
[WhiteElo "1797"]
[BlackElo "1750"]
[PlyCount "73"]
[EventDate "2023.04.24"]
[EventType "swiss"]
[EventCountry "GER"]

1. e4 c5 2. Nc3 Nc6 3. Nf3 d6 4. d4 cxd4 5. Nxd4 Nf6 6. h3 g6 7. g4 Bg7 8. Be3 O-O 9. Bg2 Ne5 10. Qe2 Be6 11. Nxe6 fxe6 12. f4 Nc6 13. Qc4 Qd7 14. O-O Rac8 15. f5 Ne5 16. Qb3 Nc4 17. fxe6 Qd8 18. Rfe1 Nxe3 19. Rxe3 b6 20. Rd1 Kh8 21. e5 Ne8 22. Nb5 Rc5 23. exd6 a6 24. Nc3 Bxc3 25. Rxc3 Nxd6 26. Rxc5 bxc5 27. Qc3+ Kg8 28. Qxc5 Qb8 29. b3 Rc8 30. Qf2 Rf8 31. Qe3 Qc7 32. c4 Rc8 33. Rd5 Rd8 34. Qe4 Qa7+ 35. Qd4 Qxd4+ 36. Rxd4 Nb7 37. Rd7 1-0

[Event "ch-Frankfurt A"]
[Site "Frankfurt"]
[Date "2023.05.15"]
[Round "3"]
[White "Orlinski, Wolfgang"]
[Black "Mueller, Jens"]
[Result "1-0"]
[WhiteElo "1933"]
[BlackElo "1413"]
[PlyCount "65"]
[EventDate "2023.04.24"]
[EventType "swiss"]
[EventCountry "GER"]

1. d4 Nf6 2. c4 e6 3. Nc3 d5 4. Nf3 Be7 5. e3 O-O 6. Be2 b6 7. O-O Bb7 8. Ne5 Nbd7 9. f4 c5 10. b3 Rc8 11. Bb2 cxd4 12. exd4 dxc4 13. bxc4 Ne4 14. Nxe4 Bxe4 15. Qa4 Nxe5 16. fxe5 Qc7 17. Rac1 Bg5 18. Rc3 Rfd8 19. Rg3 Be7 20. Qb3 b5 21. Qe3 Bf5 22. c5 a5 23. Kh1 b4 24. Bc4 a4 25. Rxf5 exf5 26. Qh6 g6 27. Rh3 Bxc5 28. Qxh7+ Kf8 29. Qh8+ Ke7 30. Qf6+ Ke8 31. Bb5+ Rd7 32. dxc5 Qxc5 33. Rh8+ 1-0

[Event "ch-Frankfurt A"]
[Site "Frankfurt"]
[Date "2023.05.15"]
[Round "3"]
[White "Ottenburg, Ralph"]
[Black "Hofmann Weippert, Matthias"]
[Result "1-0"]
[WhiteElo "1936"]
[BlackElo "1496"]
[PlyCount "79"]
[EventDate "2023.04.24"]
[EventType "swiss"]
[EventCountry "GER"]

1. e4 e5 2. Nf3 Nc6 3. Bb5 d6 4. c3 Bd7 5. O-O Nf6 6. Re1 Be7 7. Ba4 O-O 8. h3 h6 9. d3 Re8 10. Nbd2 Rc8 11. Nf1 Bf8 12. Ng3 Ne7 13. Bc2 c5 14. Nh4 a5 15. Qf3 Nh7 16. Nhf5 Ng6 17. Nh5 b5 18. g4 Nh4 19. Qg3 Nxf5 20. gxf5 Kh8 21. Kh2 Nf6 22. Qf3 Be7 23. Rg1 Rg8 24. Be3 Nh7 25. Rg2 Bg5 26. Rag1 Bxe3 27. Qxe3 Qh4 28. Nxg7 Qf4+ 29. Qxf4 exf4 30. Nh5 Rxg2+ 31. Rxg2 b4 32. Bb3 Ng5 33. Nxf4 Nf3+ 34. Kh1 Ne5 35. Rg3 c4 36. dxc4 Nxc4 37. cxb4 Nd2 38. Bd5 axb4 39. Nh5 Bb5 40. Nf6 1-0

[Event "ch-Frankfurt A"]
[Site "Frankfurt"]
[Date "2023.05.15"]
[Round "3"]
[White "Philipp, Nils"]
[Black "Rondonuwu, Grover"]
[Result "1-0"]
[WhiteElo "1885"]
[BlackElo "2047"]
[PlyCount "53"]
[EventDate "2023.04.24"]
[EventType "swiss"]
[EventCountry "GER"]

1. e4 c5 2. Nc3 g6 3. d4 cxd4 4. Qxd4 Nf6 5. Nf3 Nc6 6. Qa4 Bg7 7. e5 Ng8 8. Bf4 Nh6 9. h3 O-O 10. O-O-O Qb6 11. Qe4 d6 12. g4 dxe5 13. Be3 Qa5 14. Bc4 Kh8 15. Bxh6 Bxh6+ 16. g5 Bg7 17. Nh4 Nd4 18. f4 Nf5 19. Nxf5 Bxf5 20. Qe2 exf4 21. Nd5 e5 22. h4 Qc5 23. h5 Rac8 24. h6 Qxc4 25. hxg7+ Kxg7 26. Rxh7+ Kxh7 27. Qh2+ 1-0

[Event "ch-Frankfurt A"]
[Site "Frankfurt"]
[Date "2023.05.15"]
[Round "3"]
[White "Reschke, Thomas"]
[Black "Rabiya, Karim"]
[Result "1-0"]
[WhiteElo "2129"]
[BlackElo "1764"]
[PlyCount "65"]
[EventDate "2023.04.24"]
[EventType "swiss"]
[EventCountry "GER"]

1. c4 e5 2. g3 c6 3. d4 e4 4. Nc3 Bb4 5. Bd2 Bxc3 6. Bxc3 d5 7. Bg2 Nf6 8. b3 O-O 9. Nh3 Bg4 10. f3 exf3 11. exf3 Re8+ 12. Kf2 Ne4+ 13. Kf1 Nxc3 14. Qd2 Ne2 15. Re1 Bxh3 16. Bxh3 Qf6 17. Kf2 Na6 18. Rxe2 Rxe2+ 19. Kxe2 Re8+ 20. Kf2 dxc4 21. bxc4 Rd8 22. Rd1 Nc5 23. Qe3 Ne6 24. d5 cxd5 25. cxd5 Nc7 26. Qxa7 h5 27. Qxb7 Qe5 28. d6 Qc5+ 29. Kf1 Qc4+ 30. Kg1 Qc5+ 31. Kh1 Rxd6 32. Qc8+ Kh7 33. Qf5+ 1-0

[Event "ch-Frankfurt A"]
[Site "Frankfurt"]
[Date "2023.05.15"]
[Round "3"]
[White "Rotermund, Verena"]
[Black "von Wahden, Jens"]
[Result "0-1"]
[WhiteElo "1553"]
[BlackElo "1810"]
[PlyCount "86"]
[EventDate "2023.04.24"]
[EventType "swiss"]
[EventCountry "GER"]

1. e4 e6 2. d4 d5 3. Nc3 Nf6 4. Bg5 dxe4 5. Nxe4 Nbd7 6. Bd3 h6 7. Bh4 g5 8. Nxf6+ Qxf6 9. Bg3 Qxd4 10. c3 Qb6 11. Qe2 Bg7 12. Nf3 Nc5 13. Bc4 Bd7 14. Ne5 Bc6 15. O-O Ne4 16. Qh5 O-O 17. Nxf7 Nxg3 18. hxg3 Rxf7 19. Bxe6 Raf8 20. Rad1 Be8 21. Qe2 Kh8 22. Bxf7 Bxf7 23. Qe7 Bc4 24. Rd7 Qf6 25. Qxf6 Bxf6 26. Re1 Rf7 27. Rd2 a6 28. Re8+ Kg7 29. a3 Re7 30. Rb8 b5 31. Kh2 Be5 32. Ra8 Re6 33. Rdd8 Rf6 34. Rd7+ Bf7 35. f3 Kg6 36. Rdd8 h5 37. Rd3 h4 38. f4 hxg3+ 39. Kxg3 Bxf4+ 40. Kh3 Bc4 41. Rdd8 Kf5 42. g4+ Ke4 43. Re8+ Kf3 0-1

[Event "ch-Frankfurt A"]
[Site "Frankfurt"]
[Date "2023.05.15"]
[Round "3"]
[White "Rutsatz, Mario"]
[Black "Pfeiffer, Florian"]
[Result "1-0"]
[WhiteElo "1912"]
[BlackElo "1791"]
[PlyCount "39"]
[EventDate "2023.04.24"]
[EventType "swiss"]
[EventCountry "GER"]

1. d4 Nf6 2. c4 d5 3. cxd5 Nxd5 4. e4 Nb6 5. Nc3 e6 6. Be3 N8d7 7. Rc1 Nf6 8. Nf3 Bb4 9. Bd3 O-O 10. O-O Qe7 11. e5 Nfd5 12. Bxh7+ Kh8 13. Bb1 Nxe3 14. fxe3 Nd5 15. Qd3 f5 16. exf6 Nxf6 17. Ne5 Kg8 18. Ng6 Qd8 19. Nxf8 Bxf8 20. Rxf6 1-0

[Event "ch-Frankfurt A"]
[Site "Frankfurt"]
[Date "2023.05.15"]
[Round "3"]
[White "Schmidt, Markus"]
[Black "Veenstra, Sander"]
[Result "1-0"]
[WhiteElo "2120"]
[BlackElo "1905"]
[PlyCount "71"]
[EventDate "2023.04.24"]
[EventType "swiss"]
[EventCountry "GER"]

1. Nf3 g6 2. e4 Bg7 3. d4 c6 4. Nc3 d5 5. h3 Nh6 6. Be3 dxe4 7. Nxe4 Nf5 8. Qd2 Nxe3 9. fxe3 Nd7 10. Bc4 O-O 11. O-O Nb6 12. Bb3 Nd5 13. Nf2 Bh6 14. Rae1 Be6 15. Nd3 Qc8 16. Qf2 f6 17. c4 Nb6 18. Qc2 Qc7 19. c5 Nd5 20. e4 Ne3 21. Bxe6+ Kg7 22. Qf2 Nxf1 23. Qxf1 b6 24. Qe2 Rfd8 25. Bb3 a5 26. cxb6 Qxb6 27. Nc5 Kh8 28. Qc4 e5 29. Kh1 exd4 30. Ne6 d3 31. Nxd8 Rxd8 32. Rd1 Qe3 33. Qxc6 Rf8 34. Qd5 Rc8 35. Qxd3 Rc1 36. Qd8+ 1-0

[Event "ch-Frankfurt A"]
[Site "Frankfurt"]
[Date "2023.05.15"]
[Round "3"]
[White "Schmieder, Stefan"]
[Black "Gaertner, Peter"]
[Result "1-0"]
[WhiteElo "1872"]
[BlackElo "1631"]
[PlyCount "69"]
[EventDate "2023.04.24"]
[EventType "swiss"]
[EventCountry "GER"]

1. e4 e5 2. Bc4 Bc5 3. Nc3 Nf6 4. d3 d6 5. f4 exf4 6. Bxf4 Nc6 7. Nf3 Bg4 8. Na4 Qe7 9. Nxc5 dxc5 10. Bb5 O-O 11. Bxc6 bxc6 12. O-O Rad8 13. Qc1 Bxf3 14. Rxf3 Nh5 15. Be3 c4 16. Bxa7 cxd3 17. cxd3 Rd7 18. Qc3 Qe6 19. a4 Rfd8 20. a5 Nf6 21. Bc5 Nxe4 22. dxe4 Qxe4 23. h3 Rd2 24. b4 Qe2 25. Rf2 Rd1+ 26. Rxd1 Rxd1+ 27. Kh2 Qe4 28. Qe3 Qxe3 29. Bxe3 Rb1 30. Bc5 Re1 31. a6 Re8 32. Rd2 f6 33. Rd7 Rc8 34. a7 h6 35. Rxc7 1-0